[Event "GRENKE Chess Open 2024"]
[Site "Karlsruhe"]
[Date "2024.03.31"]
[Round "6.21"]
[White "Kramer, Julian"]
[Black "Dahl, Christoph"]
[Result "1-0"]
[WhiteElo "2469"]
[BlackElo "2367"]
[Annotator "TA"]
[PlyCount "95"]
[EventDate "2024.03.28"]
[EventType "swiss"]
[EventCountry "GER"]
[SourceTitle "playchess.com"]
[Source "ChessBase"]
[SourceQuality "1"]

1. e4 c5 2. Nf3 d6 3. Bb5+ Nd7 4. d4 cxd4 5. Qxd4 a6 6. Bxd7+ Bxd7 7. c4 Nf6 8. Nc3 e6 9. O-O Be7 10. a4 O-O 11. Bg5 Rc8 12. Rfd1 Bc6 13. Qd3 Qa5 14. Rab1 Rfd8 15. h3 h6 16. Bd2 Qc7 17. Rbc1 d5 18. cxd5 exd5 19. e5 Ne4 20. Be3 Qa5 21. b3 Ba3 22. Rc2 d4 23. Nxd4 Nxc3 24. Rxc3 Be4 25. Qxe4 Qxc3 26. Rd3 Qe1+ 27. Kh2 Rc1 28. Qh4 Qh1+ 29. Kg3 Rcc8 30. Qg4 h5 31. Qxh5 Qb1 32. Qe2 Bc5 33. e6 fxe6 34. Bg5 e5 35. Bxd8 Rxd8 36. Nc2 Bd6 37. Qd2 e4+ 38. Rxd6 Rxd6 39. Qxd6 Qxc2 40. Qd5+ Kh8 41. Qxb7 Qc3+ 42. Kg4 Qd3 43. Qc8+ Kh7 44. Qc4 Qd1+ 45. Kf5 Qg1 46. Qxe4 Qxf2+ 47. Kg5+ Kg8 48. Qc4+ 1-0

[Event "GRENKE Chess Open 2024"]
[Site "Karlsruhe"]
[Date "2024.03.31"]
[Round "6.21"]
[White "Samani, Yamac"]
[Black "Jaskolka, Tomasz"]
[Result "1-0"]
[WhiteElo "2378"]
[BlackElo "2241"]
[Annotator "RC"]
[PlyCount "75"]
[EventDate "2024.03.28"]
[EventType "swiss"]
[EventCountry "GER"]
[SourceTitle "playchess.com"]
[Source "ChessBase"]
[SourceQuality "1"]

1. e4 e6 2. d4 d5 3. Nd2 Be7 4. Ngf3 Nf6 5. e5 Nfd7 6. Bd3 c5 7. c3 b6 8. O-O Ba6 9. Ne1 Bxd3 10. Nxd3 Nc6 11. Qg4 Kf8 12. Nf3 h5 13. Qg3 b5 14. dxc5 Nxc5 15. Nxc5 Bxc5 16. b4 Be7 17. a4 Qb8 18. Bg5 Bxg5 19. Qxg5 Kg8 20. Rfe1 bxa4 21. Rxa4 Qb5 22. Rea1 Qd3 23. Ra6 Rc8 24. h4 Rh6 25. Rxc6 Rxc6 26. Qd8+ Kh7 27. Ng5+ Kg6 28. Qd7 f6 29. exf6 Qxc3 30. Qf7+ Kf5 31. fxg7+ Rf6 32. Qxa7 Rc8 33. Ra3 Qc1+ 34. Kh2 Ke5 35. Re3+ Kd6 36. Nf7+ Kc6 37. Ne5+ Kd6 38. Qd7# 1-0

[Event "GRENKE Chess Open 2024"]
[Site "Karlsruhe"]
[Date "2024.03.31"]
[Round "6.22"]
[White "Kruckenhauser, Arthur"]
[Black "Bazakutsa, Svyatoslav"]
[Result "0-1"]
[WhiteElo "2355"]
[BlackElo "2462"]
[Annotator "TA"]
[PlyCount "88"]
[EventDate "2024.03.28"]
[EventType "swiss"]
[EventCountry "GER"]
[SourceTitle "playchess.com"]
[Source "ChessBase"]
[SourceQuality "1"]

1. e4 c5 2. Nf3 Nc6 3. Bb5 d6 4. O-O Bd7 5. Re1 Nf6 6. c3 a6 7. Bf1 Bg4 8. d4 cxd4 9. cxd4 d5 10. e5 Ng8 11. Re3 e6 12. Rb3 Bxf3 13. Rxf3 Nge7 14. Rb3 Qd7 15. g4 h5 16. h3 Rc8 17. Be3 hxg4 18. hxg4 f5 19. f3 Na5 20. Rc3 Nc4 21. Bf2 Nxb2 22. Qb3 Nc4 23. Bxc4 dxc4 24. Rxc4 Rxc4 25. Qxc4 b5 26. Qd3 fxg4 27. Nd2 Rh3 28. Qe4 gxf3 29. Qg4 Rh6 30. Qxf3 Qd5 31. Ne4 Nf5 32. Rc1 Be7 33. Nd2 Qxf3 34. Nxf3 Kd7 35. Ne1 Rh3 36. Kg2 Ra3 37. Rc2 Bh4 38. Bxh4 Nxh4+ 39. Kf2 Nf5 40. Rd2 Kc6 41. Nc2 Ra4 42. a3 a5 43. Rd3 Rc4 44. Ne3 Rxd4 0-1

[Event "GRENKE Chess Open 2024"]
[Site "Karlsruhe"]
[Date "2024.03.31"]
[Round "6.22"]
[White "Gajcin, Marina"]
[Black "Waldhausen Gordon, Frederick"]
[Result "1-0"]
[WhiteElo "2241"]
[BlackElo "2376"]
[Annotator "RC"]
[PlyCount "101"]
[EventDate "2024.03.28"]
[EventType "swiss"]
[EventCountry "GER"]
[SourceTitle "playchess.com"]
[Source "ChessBase"]
[SourceQuality "1"]

1. e4 c5 2. Nf3 Nc6 3. d4 cxd4 4. Nxd4 Nf6 5. Nc3 e5 6. Ndb5 d6 7. Bg5 a6 8. Na3 b5 9. Nd5 Be7 10. Bxf6 Bxf6 11. c4 b4 12. Nc2 O-O 13. Be2 a5 14. O-O Bg5 15. Qd3 Kh8 16. a3 bxa3 17. Nxa3 f5 18. Bf3 Nd4 19. Nb5 Nxf3+ 20. Qxf3 fxe4 21. Qxe4 Bf5 22. Qe2 Rc8 23. Rfd1 Rc6 24. b3 Bh6 25. Nbc3 Qb8 26. Ne7 Qxb3 27. Nb5 Bg4 28. Qxg4 Rxc4 29. Qd7 Rcf4 30. Nxd6 g6 31. Qh3 Qxh3 32. gxh3 Rxf2 33. Nd5 Rc2 34. Ne4 Bf4 35. Nxf4 Rxf4 36. Re1 Rf3 37. Rxa5 Rxh3 38. Ra7 Rc8 39. Nf6 g5 40. Rxe5 Rh6 41. Ne4 Rg6 42. Ree7 h6 43. Rf7 Rb6 44. Nf6 Rb1+ 45. Kf2 Rb2+ 46. Ke3 Rb3+ 47. Ke4 Rb4+ 48. Kf5 Rf4+ 49. Kg6 Rg8+ 50. Nxg8 Kxg8 51. Ra8# 1-0

[Event "GRENKE Chess Open 2024"]
[Site "Karlsruhe"]
[Date "2024.03.31"]
[Round "6.23"]
[White "Koellner, Ruben Gideon"]
[Black "Tokhirjonova, Gulrukhbegim"]
[Result "1/2-1/2"]
[WhiteElo "2453"]
[BlackElo "2365"]
[Annotator "TA"]
[PlyCount "89"]
[EventDate "2024.03.28"]
[EventType "swiss"]
[EventCountry "GER"]
[SourceTitle "playchess.com"]
[Source "ChessBase"]
[SourceQuality "1"]

1. d4 d5 2. Nf3 Nf6 3. e3 Bf5 4. Ne5 Nbd7 5. g4 Be6 6. h3 h5 7. Rg1 hxg4 8. hxg4 g5 9. Nd2 Bg7 10. Bd3 Nxe5 11. dxe5 Ne4 12. f4 gxf4 13. exf4 c6 14. Bxe4 dxe4 15. Nxe4 Qb6 16. Nf2 f6 17. Qd3 Rd8 18. Qc3 fxe5 19. f5 Bf7 20. Be3 e4 21. Bxb6 Bxc3+ 22. bxc3 axb6 23. Nxe4 Rh3 24. Ng3 Rh2 25. Rh1 Rdd2 26. Rxh2 Rxh2 27. O-O-O Rh4 28. Rd4 c5 29. Rf4 Kd7 30. Ne4 Bxa2 31. Nf2 Bd5 32. Kd2 b5 33. Ke3 e5 34. fxe6+ Kxe6 35. g5 Rxf4 36. Kxf4 b6 37. Nd3 Bc4 38. Ne5 Ba2 39. g6 Kf6 40. Nd7+ Kxg6 41. Nxb6 Bb1 42. Nd7 b4 43. Nxc5 bxc3 44. Ne4 Bxc2 45. Nxc3 1/2-1/2

[Event "GRENKE Chess Open 2024"]
[Site "Karlsruhe"]
[Date "2024.03.31"]
[Round "6.23"]
[White "Kurmangaliyeva, Liya"]
[Black "Glantz, Robert"]
[Result "1/2-1/2"]
[WhiteElo "2240"]
[BlackElo "2375"]
[Annotator "RC"]
[PlyCount "118"]
[EventDate "2024.03.28"]
[EventType "swiss"]
[EventCountry "GER"]
[SourceTitle "playchess.com"]
[Source "ChessBase"]
[SourceQuality "1"]

1. e4 c5 2. Nf3 e6 3. d4 cxd4 4. Nxd4 a6 5. Qf3 Nf6 6. Nc3 Qc7 7. Bg5 Bd6 8. O-O-O Be5 9. g3 Nc6 10. Nb3 O-O 11. Qe3 h6 12. Bxf6 Bxf6 13. f4 d6 14. g4 Qe7 15. Kb1 Rd8 16. Be2 g6 17. h4 Bg7 18. Bf3 Bd7 19. Qd2 Be8 20. g5 h5 21. f5 Be5 22. Ne2 Rac8 23. Rhg1 d5 24. f6 Qc7 25. exd5 Nb4 26. c3 Nxd5 27. Bxd5 Rxd5 28. Qe3 Rcd8 29. Rxd5 Rxd5 30. Nbd4 b5 31. Rd1 Bd7 32. Rc1 Bd6 33. Qf3 a5 34. b3 Ba3 35. Rd1 Bd6 36. Rc1 Rc5 37. Rd1 e5 38. Nc2 Bg4 39. Qe3 Bf8 40. Rd2 Rc6 41. Kb2 b4 42. c4 a4 43. Rd5 a3+ 44. Kc1 Bd6 45. Rd2 Bc5 46. Qe4 Kh7 47. Ne3 Bxe3 48. Qxe3 Be6 49. Qd3 Qa7 50. Qe4 Qc5 51. Kd1 Rd6 52. Rxd6 Qxd6+ 53. Kc1 Qc5 54. Kd2 Qd6+ 55. Qd3 Qc5 56. Qe3 Qd6+ 57. Qd3 Qc5 58. Qe3 Qd6+ 59. Qd3 Qc5 1/2-1/2

[Event "GRENKE Chess Open 2024"]
[Site "Karlsruhe"]
[Date "2024.03.31"]
[Round "6.24"]
[White "Sarrau, Jelle"]
[Black "Van Roon, Sjoerd"]
[Result "1-0"]
[WhiteElo "2375"]
[BlackElo "2238"]
[Annotator "RC"]
[PlyCount "97"]
[EventDate "2024.03.28"]
[EventType "swiss"]
[EventCountry "GER"]
[SourceTitle "playchess.com"]
[Source "ChessBase"]
[SourceQuality "1"]

1. e4 c5 2. Nf3 Nc6 3. Bb5 g6 4. Bxc6 dxc6 5. d3 Bg7 6. h3 Nf6 7. Nc3 Nd7 8. Be3 e5 9. Qd2 h6 10. O-O b6 11. Nh2 Nf8 12. f4 exf4 13. Bxf4 Ne6 14. Be3 Nd4 15. Rae1 Be6 16. e5 Nf5 17. Bf2 Qg5 18. Qxg5 hxg5 19. Ne4 Bxe5 20. Nxg5 Bxb2 21. Nxe6 fxe6 22. Rxe6+ Kf7 23. Rxc6 Kg7 24. Rc7+ Kg8 25. Nf3 Rh7 26. Rxh7 Kxh7 27. Re1 Bf6 28. g4 Nd4 29. Nxd4 Bxd4 30. Re7+ Kh6 31. Kg2 Bxf2 32. Kxf2 Kg5 33. Kg3 Kf6 34. Rc7 Ke5 35. h4 Kd4 36. Kf4 Kc3 37. Kg5 Kxc2 38. d4 Kb2 39. dxc5 bxc5 40. Rxc5 a5 41. a4 Kb3 42. Kxg6 Rg8+ 43. Kf5 Rf8+ 44. Ke6 Kxa4 45. g5 Rh8 46. Rc4+ Kb5 47. Rg4 a4 48. g6 a3 49. g7 1-0

[Event "GRENKE Chess Open 2024"]
[Site "Karlsruhe"]
[Date "2024.03.31"]
[Round "6.24"]
[White "Zeller, Frank"]
[Black "Haring, Filip"]
[Result "0-1"]
[WhiteElo "2340"]
[BlackElo "2452"]
[Annotator "TA"]
[PlyCount "94"]
[EventDate "2024.03.28"]
[EventType "swiss"]
[EventCountry "GER"]
[SourceTitle "playchess.com"]
[Source "ChessBase"]
[SourceQuality "1"]

1. Nf3 d5 2. g3 Nf6 3. Bg2 e6 4. O-O Be7 5. c4 O-O 6. d4 c6 7. b3 a5 8. Nc3 b6 9. Bb2 Ba6 10. Qc2 dxc4 11. bxc4 Bxc4 12. Ne5 Ba6 13. Rfd1 Nd5 14. Rac1 Nb4 15. Qb1 f6 16. Nf3 Nd5 17. e4 Nxc3 18. Rxc3 Ra7 19. Bh3 Bc8 20. a3 Qe8 21. Bc1 b5 22. Bg2 b4 23. Re3 Qh5 24. h3 Rd8 25. g4 Qg6 26. Qa2 Rb7 27. Rdd3 Qf7 28. g5 e5 29. Qxf7+ Kxf7 30. gxf6 gxf6 31. dxe5 Rxd3 32. Rxd3 Nd7 33. exf6 Bxf6 34. e5 Nxe5 35. Nxe5+ Bxe5 36. Bxc6 Rc7 37. Bd5+ Be6 38. Rf3+ Ke7 39. Bg5+ Kd6 40. Bxe6 Kxe6 41. axb4 axb4 42. Rb3 Bc3 43. Kf1 Kd5 44. Ke2 Kc4 45. Rb1 b3 46. Bc1 Re7+ 47. Be3 b2 0-1

[Event "GRENKE Chess Open 2024"]
[Site "Karlsruhe"]
[Date "2024.03.31"]
[Round "6.25"]
[White "Buckels, Valentin"]
[Black "Dobrikov, Marco"]
[Result "1/2-1/2"]
[WhiteElo "2450"]
[BlackElo "2362"]
[Annotator "TA"]
[PlyCount "151"]
[EventDate "2024.03.28"]
[EventType "swiss"]
[EventCountry "GER"]
[SourceTitle "playchess.com"]
[Source "ChessBase"]
[SourceQuality "1"]

1. d4 Nf6 2. Nf3 d5 3. c4 c6 4. e3 e6 5. b3 Bb4+ 6. Nbd2 O-O 7. Bd3 Ne4 8. O-O f5 9. Ne5 Nxd2 10. Bxd2 Bd6 11. f4 Nd7 12. c5 Nxe5 13. fxe5 Be7 14. b4 Bd7 15. a4 Qc7 16. Qe2 b6 17. Rfc1 bxc5 18. bxc5 Rab8 19. a5 Rb2 20. a6 Bg5 21. Rcb1 Rfb8 22. Qe1 Rxb1 23. Rxb1 Bc8 24. Qd1 g6 25. Rb3 Rxb3 26. Qxb3 Bd8 27. Kf2 Kf7 28. Ke2 Ke7 29. Kd1 Kd7 30. Kc2 Bg5 31. Kb2 Bd8 32. Ka3 Ke8 33. Ka4 Kd7 34. Qb1 Ke8 35. Be1 Kd7 36. Bc3 Ke8 37. Bd2 Kd7 38. h4 h5 39. Qe1 Ke8 40. Qg3 Qf7 41. Ba5 Bxa5 42. Kxa5 Qc7+ 43. Ka4 Kf7 44. Be2 Qd8 45. Kb3 Bd7 46. Qe1 Qb8+ 47. Kc2 Kg7 48. Qa5 Kh6 49. Kd2 Qb2+ 50. Ke1 Qc1+ 51. Kf2 f4 52. Qd8 Qxe3+ 53. Ke1 Qc3+ 54. Kf1 Qa1+ 55. Kf2 Qxd4+ 56. Kf1 Qa1+ 57. Kf2 Qxe5 58. Qxd7 Qe3+ 59. Ke1 Qc1+ 60. Bd1 Qxc5 61. Qxe6 Qg1+ 62. Kd2 Qxg2+ 63. Be2 Qe4 64. Qf6 Qe3+ 65. Ke1 Qg1+ 66. Kd2 Qe3+ 67. Kd1 Qg1+ 68. Kc2 Qc5+ 69. Kb3 Qe3+ 70. Ka4 Kh7 71. Qf7+ Kh6 72. Qf8+ Kh7 73. Qf7+ Kh6 74. Qf8+ Kh7 75. Qf7+ Kh6 76. Qf6 1/2-1/2

[Event "GRENKE Chess Open 2024"]
[Site "Karlsruhe"]
[Date "2024.03.31"]
[Round "6.25"]
[White "Roebers, Eline"]
[Black "Degardin, Sylvain"]
[Result "0-1"]
[WhiteElo "2369"]
[BlackElo "2235"]
[Annotator "RC"]
[PlyCount "54"]
[EventDate "2024.03.28"]
[EventType "swiss"]
[EventCountry "GER"]
[SourceTitle "playchess.com"]
[Source "ChessBase"]
[SourceQuality "1"]

1. e4 c5 2. Nf3 d6 3. d4 cxd4 4. Nxd4 Nf6 5. Nc3 Nc6 6. Bg5 e6 7. Qd2 a6 8. O-O-O Bd7 9. f4 Be7 10. Nf3 b5 11. Bxf6 gxf6 12. Kb1 b4 13. Ne2 h5 14. f5 e5 15. h4 Qb6 16. Ng3 Na5 17. Rc1 Bf8 18. c4 Nb7 19. Qc2 Nc5 20. Nd2 Ba4 21. b3 Bc6 22. Be2 Bh6 23. Rcd1 a5 24. Rh3 a4 25. Nxh5 Ke7 26. g4 Bxd2 27. Qxd2 Nxe4 0-1

[Event "GRENKE Chess Open 2024"]
[Site "Karlsruhe"]
[Date "2024.03.31"]
[Round "6.26"]
[White "Coenen, Michael"]
[Black "Seo, Jung Min"]
[Result "1/2-1/2"]
[WhiteElo "2320"]
[BlackElo "2450"]
[Annotator "TA"]
[PlyCount "85"]
[EventDate "2024.03.28"]
[EventType "swiss"]
[EventCountry "GER"]
[SourceTitle "playchess.com"]
[Source "ChessBase"]
[SourceQuality "1"]

1. d4 Nf6 2. c4 e6 3. Nc3 Bb4 4. Qc2 d6 5. Nf3 O-O 6. Bd2 c5 7. a3 Bxc3 8. Bxc3 cxd4 9. Nxd4 e5 10. Nb3 Qc7 11. e3 Be6 12. Bd3 Nbd7 13. O-O Rac8 14. Rac1 Rfd8 15. Rfd1 h6 16. Bb4 d5 17. Be7 Re8 18. Bxf6 Nxf6 19. cxd5 Qxc2 20. Bxc2 Bxd5 21. Nd2 Red8 22. Nf3 Bxf3 23. Rxd8+ Rxd8 24. gxf3 Kf8 25. Bb3 Ne8 26. Ba4 Ke7 27. Bxe8 Kxe8 28. Rc7 Rd7 29. Rc8+ Ke7 30. Kf1 h5 31. Ke2 Ke6 32. Rc4 f6 33. f4 exf4 34. Rxf4 g5 35. Rc4 h4 36. h3 b6 37. a4 Kf5 38. a5 bxa5 39. Rc5+ Kg6 40. Rxa5 Rb7 41. Kf3 Rxb2 42. Rxa7 Rb8 43. Ke4 1/2-1/2

[Event "GRENKE Chess Open 2024"]
[Site "Karlsruhe"]
[Date "2024.03.31"]
[Round "6.27"]
[White "Finek, Vaclav"]
[Black "Paltrinieri, Nicholas"]
[Result "1-0"]
[WhiteElo "2436"]
[BlackElo "2355"]
[Annotator "TA"]
[PlyCount "103"]
[EventDate "2024.03.28"]
[EventType "swiss"]
[EventCountry "GER"]
[SourceTitle "playchess.com"]
[Source "ChessBase"]
[SourceQuality "1"]

1. d4 Nf6 2. c4 e6 3. g3 d5 4. Nf3 dxc4 5. Bg2 c6 6. O-O b5 7. Ne5 Bb7 8. a4 a6 9. b3 cxb3 10. Qxb3 Be7 11. axb5 axb5 12. Rxa8 Bxa8 13. Qa2 Bb7 14. Qa7 Qc8 15. Nc3 b4 16. Na4 Nbd7 17. Bg5 Qa8 18. Qxa8+ Bxa8 19. Nxc6 Bd6 20. Rc1 O-O 21. Nb2 Nd5 22. Bxd5 exd5 23. Na5 Rb8 24. Bf4 Bxf4 25. gxf4 Kf8 26. Nd3 Ke7 27. Rb1 Rb5 28. Nb3 Nb8 29. Nbc1 Nc6 30. e3 Kd6 31. Ne5 f6 32. Nxc6 Bxc6 33. Nd3 b3 34. Rb2 Bd7 35. Nc5 Bf5 36. Rxb3 Rxb3 37. Nxb3 Kc6 38. Nc5 Kd6 39. f3 Bc2 40. Kf2 Bd1 41. e4 Ke7 42. Ke3 Kd6 43. Nd3 f5 44. e5+ Kd7 45. Nb2 Bb3 46. Kd2 h6 47. Kc3 Ba2 48. Na4 Ke6 49. Nc5+ Ke7 50. Nb3 Bb1 51. Nd2 Ba2 52. Kb2 1-0

[Event "GRENKE Chess Open 2024"]
[Site "Karlsruhe"]
[Date "2024.03.31"]
[Round "6.27"]
[White "Culum, Sanjin"]
[Black "Mainka, Alwin"]
[Result "1/2-1/2"]
[WhiteElo "2359"]
[BlackElo "2216"]
[Annotator "RC"]
[PlyCount "81"]
[EventDate "2024.03.28"]
[EventType "swiss"]
[EventCountry "GER"]
[SourceTitle "playchess.com"]
[Source "ChessBase"]
[SourceQuality "1"]

1. e4 c5 2. Nf3 d6 3. d4 cxd4 4. Nxd4 Nf6 5. Nc3 g6 6. Be3 Bg7 7. f3 Nc6 8. Qd2 O-O 9. O-O-O d5 10. Nxc6 bxc6 11. Bc4 e6 12. Bb3 Qc7 13. h4 dxe4 14. Nxe4 Nxe4 15. fxe4 c5 16. c3 Bb7 17. Bc2 Qa5 18. Bb1 Rfd8 19. Qc2 Bc6 20. Rxd8+ Rxd8 21. Bg5 f6 22. Bf4 c4 23. Qe2 Bb5 24. Rd1 Kf7 25. Be3 a6 26. h5 Ba4 27. hxg6+ hxg6 28. Rf1 Qc7 29. Bc2 Bxc2 30. Kxc2 Rd3 31. Bd2 Qa5 32. Kb1 Qd8 33. Kc2 Qa5 34. Kb1 Qd8 35. Bc1 Qb6 36. Rf3 Qg1 37. Rf1 Qc5 38. Rf3 Qg1 39. Rxd3 cxd3 40. Qxd3 Bh6 41. Qd7+ 1/2-1/2

[Event "GRENKE Chess Open 2024"]
[Site "Karlsruhe"]
[Date "2024.03.31"]
[Round "6.28"]
[White "Unzicker, Ferdinand"]
[Black "Stalmach, Richard"]
[Result "1/2-1/2"]
[WhiteElo "2284"]
[BlackElo "2436"]
[Annotator "TA"]
[PlyCount "108"]
[EventDate "2024.03.28"]
[EventType "swiss"]
[EventCountry "GER"]
[SourceTitle "playchess.com"]
[Source "ChessBase"]
[SourceQuality "1"]

1. c4 b6 2. Nf3 Bb7 3. g3 c5 4. Bg2 g6 5. O-O Bg7 6. Nc3 Nf6 7. b3 O-O 8. Bb2 d6 9. e3 Nbd7 10. Qe2 a6 11. Rfd1 Ne8 12. d4 e6 13. d5 e5 14. Ne1 f5 15. Nd3 Bc8 16. f4 g5 17. Rf1 gxf4 18. exf4 e4 19. Nf2 Ndf6 20. g4 fxg4 21. Ncxe4 Nh5 22. Bxg7 Nxf4 23. Qd2 Nxg7 24. Nxg4 Ngh5 25. Rxf4 Rxf4 26. Ngf6+ Rxf6 27. Qg5+ Kh8 28. Qxh5 Rg6 29. Qf3 Qe7 30. Re1 Bg4 31. Qc3+ Qg7 32. Qxg7+ Kxg7 33. Ng3 Rf8 34. Re7+ Rf7 35. Re8 h5 36. Be4 Bf5 37. Bxf5 Rxf5 38. Re6 Rf8 39. Re7+ Rf7 40. Re4 Rg4 41. Kg2 Kf8 42. Re2 h4 43. Kh3 Rgf4 44. Nh5 Rd4 45. Re6 Rf3+ 46. Kg2 Rdd3 47. h3 Rf5 48. Nf6 Rg3+ 49. Kh2 Rf2+ 50. Kh1 Rgf3 51. Ng4 Rxh3+ 52. Kg1 Rxa2 53. Nf2 Rg3+ 54. Kf1 Rf3 1/2-1/2

[Event "GRENKE Chess Open 2024"]
[Site "Karlsruhe"]
[Date "2024.03.31"]
[Round "6.28"]
[White "Besou, Hussain"]
[Black "Gloeckler, Christian"]
[Result "0-1"]
[WhiteElo "2239"]
[BlackElo "2356"]
[Annotator "RC"]
[PlyCount "79"]
[EventDate "2024.03.28"]
[EventType "swiss"]
[EventCountry "GER"]
[SourceTitle "playchess.com"]
[Source "ChessBase"]
[SourceQuality "1"]

1. Nf3 Nf6 2. g3 b5 3. Bg2 Bb7 4. O-O c5 5. d3 d6 6. e4 Nbd7 7. Re1 Qc7 8. a4 b4 9. Nbd2 e5 10. a5 g6 11. c3 Ba6 12. Nf1 Bg7 13. Ne3 O-O 14. c4 h6 15. Bh3 Kh7 16. Qa4 Nb8 17. Rd1 Nc6 18. Nd5 Nxd5 19. cxd5 Ne7 20. Qd7 Qxd7 21. Bxd7 Rad8 22. Bh3 f5 23. Nh4 Rf7 24. b3 Rdf8 25. Ra2 Bc8 26. Bf1 f4 27. Ng2 g5 28. Ne1 Ng6 29. Bg2 h5 30. Rc2 g4 31. Ra2 h4 32. Rdd2 Bh6 33. Rdc2 Ba6 34. gxh4 Nxh4 35. Rab2 Rg8 36. Kh1 Rfg7 37. Rb1 Rh8 38. Bb2 Kg8 39. Rd1 Nxg2 40. Nxg2 0-1

[Event "GRENKE Chess Open 2024"]
[Site "Karlsruhe"]
[Date "2024.03.31"]
[Round "6.29"]
[White "Peyrer, Konstantin"]
[Black "Kuhn, Clement"]
[Result "1-0"]
[WhiteElo "2434"]
[BlackElo "2349"]
[Annotator "TA"]
[PlyCount "83"]
[EventDate "2024.03.28"]
[EventType "swiss"]
[EventCountry "GER"]
[SourceTitle "playchess.com"]
[Source "ChessBase"]
[SourceQuality "1"]

1. Nf3 Nf6 2. c4 g6 3. g3 Bg7 4. Bg2 O-O 5. O-O d6 6. d4 c6 7. Nc3 Bf5 8. b3 Ne4 9. Bb2 Nxc3 10. Bxc3 Be4 11. Qd2 Nd7 12. Rfe1 d5 13. cxd5 cxd5 14. Bh3 Bxf3 15. exf3 Nb8 16. b4 Nd7 17. Bf1 Rc8 18. h4 h5 19. b5 e6 20. Rac1 Qf6 21. Kg2 Nb6 22. Bb4 Rfd8 23. Bc5 Bf8 24. Qb4 Nd7 25. Bxf8 Rxf8 26. a4 Rfd8 27. a5 Qg7 28. Rxc8 Rxc8 29. Qe7 Qxd4 30. Qxd7 Rc2 31. Be2 Qd2 32. Kf1 Qxa5 33. Qxb7 Ra2 34. Qb8+ Kh7 35. Qf4 Kg8 36. Rc1 Ra1 37. Kg2 Rxc1 38. Qxc1 Qa2 39. Bf1 e5 40. Qc7 f6 41. Qd8+ Kf7 42. Qd7+ 1-0

[Event "GRENKE Chess Open 2024"]
[Site "Karlsruhe"]
[Date "2024.03.31"]
[Round "6.29"]
[White "Cofmann, Veaceslav"]
[Black "Kopylov, Michael"]
[Result "1-0"]
[WhiteElo "2205"]
[BlackElo "2352"]
[Annotator "RC"]
[PlyCount "167"]
[EventDate "2024.03.28"]
[EventType "swiss"]
[EventCountry "GER"]
[SourceTitle "playchess.com"]
[Source "ChessBase"]
[SourceQuality "1"]

1. e4 d6 2. d4 Nf6 3. Nc3 e5 4. Nf3 Nbd7 5. Bc4 Be7 6. O-O O-O 7. Re1 c6 8. a4 h6 9. h3 Re8 10. Be3 exd4 11. Bxd4 Nf8 12. a5 Be6 13. Qd3 Bxc4 14. Qxc4 Ne6 15. Be3 Nd7 16. a6 Qc8 17. axb7 Qxb7 18. Ra2 Bf6 19. Ne2 Nec5 20. Bxc5 Nxc5 21. Ng3 Qb5 22. Qxb5 cxb5 23. Nh5 Be5 24. Nxe5 dxe5 25. Ng3 Red8 26. Ra5 a6 27. b4 Nb7 28. Ra3 Rdc8 29. Rea1 Rc6 30. Nf5 Kf8 31. c4 bxc4 32. b5 Rcc8 33. Rxa6 Rab8 34. Rc6 Nd8 35. Rxc8 Rxc8 36. Nd6 Rb8 37. Nxc4 Rxb5 38. Ra7 Nb7 39. f3 f6 40. h4 Rb4 41. Ne3 Nd6 42. Rd7 Ne8 43. Nf5 Rb2 44. h5 Rb8 45. Kh2 Ra8 46. Kh3 Rc8 47. Kg4 Rc7 48. Rd8 Kf7 49. g3 Ra7 50. Nh4 Ke7 51. Rb8 Nd6 52. Ng6+ Ke6 53. Rb4 Ra6 54. Nh4 Rc6 55. Ra4 Rb6 56. Ra7 Rb7 57. Ra6 Kd7 58. Nf5 Ne8 59. f4 exf4 60. gxf4 Rc7 61. e5 fxe5 62. fxe5 Rc4+ 63. Kf3 Rc6 64. Ra7+ Rc7 65. Ra8 Ke6 66. Ke4 Nf6+ 67. exf6 Kxf6 68. Nd4 Rb7 69. Kf4 g5+ 70. Ke4 Re7+ 71. Kf3 Rf7 72. Kg4 Ke5 73. Nf3+ Kf6 74. Rg8 Rh7 75. Rg6+ Ke7 76. Nd4 Rh8 77. Nf5+ Kf7 78. Nxh6+ Ke7 79. Nf5+ Kf7 80. Kxg5 Kf8 81. Rg7 Rg8 82. Rxg8+ Kxg8 83. Kg6 Kh8 84. Nd6 1-0

[Event "GRENKE Chess Open 2024"]
[Site "Karlsruhe"]
[Date "2024.03.31"]
[Round "6.30"]
[White "Krstulovic, Alex"]
[Black "Frank, Adam"]
[Result "1-0"]
[WhiteElo "2431"]
[BlackElo "2284"]
[Annotator "TA"]
[PlyCount "61"]
[EventDate "2024.03.28"]
[EventType "swiss"]
[EventCountry "GER"]
[SourceTitle "playchess.com"]
[Source "ChessBase"]
[SourceQuality "1"]

1. d4 d5 2. Nf3 c5 3. c3 Nc6 4. dxc5 a5 5. e4 dxe4 6. Qxd8+ Kxd8 7. Ng5 Nh6 8. Na3 f6 9. Nxe4 f5 10. Bxh6 gxh6 11. O-O-O+ Kc7 12. Nb5+ Kb8 13. Nd2 e5 14. Nd6 Be6 15. Bc4 Bxd6 16. cxd6 Re8 17. Rhe1 e4 18. Bxe6 Rxe6 19. Nc4 Ne5 20. Nxe5 Rxe5 21. f4 Re8 22. Rd5 Ra6 23. d7 Rd8 24. Rxf5 Rxd7 25. Rxe4 Rad6 26. Re2 b6 27. Rfe5 Rd1+ 28. Kc2 Rh1 29. g3 a4 30. Re8+ Kc7 31. R8e7 1-0

[Event "GRENKE Chess Open 2024"]
[Site "Karlsruhe"]
[Date "2024.03.31"]
[Round "6.30"]
[White "Elgersma, Onno"]
[Black "Karamsetty, Jeevan"]
[Result "1-0"]
[WhiteElo "2351"]
[BlackElo "2187"]
[Annotator "RC"]
[PlyCount "56"]
[EventDate "2024.03.28"]
[EventType "swiss"]
[EventCountry "GER"]
[SourceTitle "playchess.com"]
[Source "ChessBase"]
[SourceQuality "1"]

1. e4 e6 2. d4 d5 3. Nc3 Nf6 4. Bg5 h6 5. Bxf6 Qxf6 6. exd5 Bb4 7. Bb5+ Bd7 8. Bxd7+ Nxd7 9. dxe6 Qxe6+ 10. Nge2 Bxc3+ 11. bxc3 O-O-O 12. O-O Rhe8 13. Ng3 g6 14. a4 a5 15. Qf3 Nb6 16. Rfb1 h5 17. Nf1 Qd5 18. Qd3 Qe4 19. Rb5 Qxd3 20. cxd3 Rd5 21. Ne3 Rxb5 22. axb5 Kd7 23. g4 hxg4 24. Rxa5 f5 25. c4 Rh8 26. Ra7 Rb8 27. c5 Nc8 28. Rxb7 Ke8 1-0

[Event "GRENKE Chess Open 2024"]
[Site "Karlsruhe"]
[Date "2024.03.31"]
[Round "6.31"]
[White "Vanczak, Tamas"]
[Black "Toktomushev, Teimur"]
[Result "1/2-1/2"]
[WhiteElo "2431"]
[BlackElo "2268"]
[Annotator "TA"]
[PlyCount "77"]
[EventDate "2024.03.28"]
[EventType "swiss"]
[EventCountry "GER"]
[SourceTitle "playchess.com"]
[Source "ChessBase"]
[SourceQuality "1"]

1. e4 c5 2. Nf3 e6 3. d4 cxd4 4. Nxd4 a6 5. c4 Nf6 6. Nc3 Bb4 7. Qd3 d5 8. exd5 exd5 9. Be2 O-O 10. O-O Nc6 11. Nxc6 bxc6 12. cxd5 Nxd5 13. Nxd5 Qxd5 14. Qg3 Bd6 15. Bf4 Bxf4 16. Qxf4 Qf5 17. Qxf5 Bxf5 18. Bf3 Rab8 19. b3 c5 20. Rfc1 Rfc8 21. Bd5 Rc7 22. Bc4 a5 23. Re1 g6 24. h3 a4 25. bxa4 Rb4 26. Bb5 c4 27. g4 Be6 28. Re2 c3 29. Rc1 Rb2 30. Bd3 Rxe2 31. Bxe2 Bxa2 32. Bd1 Bd5 33. Kf1 Be4 34. f3 Bd3+ 35. Be2 Bxe2+ 36. Kxe2 Rc4 37. Ra1 c2 38. Kd2 c1=Q+ 39. Rxc1 1/2-1/2

[Event "GRENKE Chess Open 2024"]
[Site "Karlsruhe"]
[Date "2024.03.31"]
[Round "6.32"]
[White "Abel, Dennes"]
[Black "Adamovics, Aleksejs"]
[Result "1-0"]
[WhiteElo "2427"]
[BlackElo "2158"]
[Annotator "TA"]
[PlyCount "45"]
[EventDate "2024.03.28"]
[EventType "swiss"]
[EventCountry "GER"]
[SourceTitle "playchess.com"]
[Source "ChessBase"]
[SourceQuality "1"]

1. Nf3 d5 2. e3 Nf6 3. c4 e6 4. Nc3 Be7 5. b3 O-O 6. Bb2 a6 7. Be2 dxc4 8. bxc4 c5 9. Qc2 b6 10. Rg1 Bb7 11. g4 Ne8 12. g5 Nd6 13. h4 Nc6 14. a3 Nf5 15. Ne4 Kh8 16. h5 f6 17. h6 e5 18. hxg7+ Nxg7 19. gxf6 Bxf6 20. Neg5 Bxg5 21. Nxg5 Rf5 22. Qxf5 Nxf5 23. Nf7# 1-0